| 000 | 00753nam a2200205 i 4500 | ||
|---|---|---|---|
| 001 | 25569 | ||
| 003 | ES-MaACL | ||
| 005 | 20240511063017.0 | ||
| 007 | t| | ||
| 008 | 021227s1984 sp ||||1| spa d | ||
| 100 | 0 |
_aArias Velasco, José, _d1934-2017 _922809 |
|
| 245 | 1 | 0 |
_aProcedimientos tributarios / _cJosé Arias Velasco ; prólogo: Alfonso Mantero Sènz. |
| 260 |
_a[Madrid] : _bMinisterio de Economía y Hacienda, _c[1984] |
||
| 300 |
_a689 p. ; _c24 cm. |
||
| 500 | _aPrecede a tít.: Escuela de Inspección Financiera y Tributaria. | ||
| 700 | 1 |
_aMantero Sáenz, Alfonso. _9198746 |
|
| 710 | 2 |
_aEscuela de Inspección Financiera y Tributaria (España) _93549 |
|
| 852 |
_aES-MaACL _jL-7106 _bR.107977 |
||
| 999 |
_c25569 _d25569 |
||